000 00858nam a2200205 i 4500
001 161074
003 ES-MaACL
005 20250905135258.0
008 041013s1899 fr |||| | fre d
040 _aCAM
_bspa
_cCAM
245 0 0 _aOrson de Beauvais
_b: chanson de geste du XIIe siècle /
_cpublié d'après le manuscrit unique de Cheltenham par Gaston Paris.
260 _aParis :
_bLibrairie de Firmin Didot et C. :
_b[Sociéte des Anciens Textes Français],
_c1899 (
_eLe Puy-en-Velay :
_fImp. Régis Marchessou)
300 _aLXXX, 190, [6] p. ;
_c23 cm.
650 0 7 _aPoesía épica francesa
_2embne
_9136738
655 7 _2tgfbne
_aPoesías
_9176539
700 1 _aParis, Gaston,
_d1839-1903
_989136
852 _aES-MaACL
_jC-3185
_z-- Enc. ed. en tela conel sello del ed. en hierros dorados
942 _2udc
999 _c161074
_d161074